Krížové programové vybavenie pre mikropočítač SM 50/40-1 Príručka používateľa

Bibliographic Details
Main Authors: Obrdlík, Libor (Author), Darmová, Veronika (Author)
Format: Book
Language:Slovak
Published: Ostrava Kancelářské stroje, k.ú.o., 1983
Edition:2.vyd.

MARC

LEADER 00000nam a2200000 a 4500
001 vtls001164950
003 SK-MaSNL
005 20260301063316.0
008 240314s1983 xo 0 slo
035 |a SNK000107911 
040 |a SNK  |b slo  |c SNK  |e AACR2 
041 0 |a slo 
044 |a xo  |c SK 
100 1 |a Obrdlík, Libor  |4 aut  |9 378862 
245 1 0 |a Krížové programové vybavenie pre mikropočítač SM 50/40-1  |b Príručka používateľa  |c Libor Obrdlík, Veronika Darmová 
250 |a 2.vyd. 
260 |a Ostrava  |b Kancelářské stroje, k.ú.o.,  |c 1983 
700 1 |a Darmová, Veronika  |4 aut  |9 378863 
958 |a OND 
999 |c 623593  |d 625523 
952 |a SNK  |b SNK  |y PREZ  |7 0  |p 17A0812319  |o snkSB 39036  |0 0  |1 0  |4 0  |d 2012-05-28  |f 1  |l 0  |r 2025-04-23 00:00:00  |w 2026-02-23 
952 |t P60, <04>, [BOOK], {604}  |a SNK  |b SNK  |y VYP  |7 0  |p 17A0205006  |o snkSB 39036 D1  |0 0  |1 0  |4 0  |d 1999-08-12  |l 0  |r 2005-01-01 00:00:00  |w 2026-02-23